LEADER 01993nam 2200661Ia 450 001 9910141339603321 005 20200520144314.0 010 $a1-280-66582-3 010 $a9786613642752 010 $a1-118-23194-5 010 $a1-118-38156-4 010 $a1-118-23205-4 035 $a(CKB)2670000000152874 035 $a(SSID)ssj0000632197 035 $a(PQKBManifestationID)11441964 035 $a(PQKBTitleCode)TC0000632197 035 $a(PQKBWorkID)10609065 035 $a(PQKB)10598549 035 $a(SSID)ssj0001142486 035 $a(PQKBManifestationID)12533173 035 $a(PQKBTitleCode)TC0001142486 035 $a(PQKBWorkID)11097307 035 $a(PQKB)11575910 035 $a(MiAaPQ)EBC821895 035 $a(Au-PeEL)EBL821895 035 $a(CaPaEBR)ebr10538649 035 $a(CaONFJC)MIL364275 035 $a(OCoLC)779385664 035 $a(PPN)242276547 035 $a(EXLCZ)992670000000152874 100 $a20111202d2012 uy 0 101 0 $aeng 135 $aurcn||||||||| 181 $ctxt 182 $cc 183 $acr 200 10$aAs free and as just as possible$b[electronic resource] $ethe theory of Marxian liberalism /$fJeffrey Reiman 210 $aChichester ;$aMalden, MA $cWiley-Blackwell$d2012 215 $axiv, 241 p 225 1 $aBlackwell public philosophy ;$v12 300 $aBibliographic Level Mode of Issuance: Monograph 311 $a1-118-72038-5 311 $a0-470-67412-1 320 $aIncludes bibliographical references and index. 410 0$aBlackwell public philosophy ;$v12. 606 $aLiberalism$xPhilosophy 606 $aPhilosophy, Marxist 615 0$aLiberalism$xPhilosophy. 615 0$aPhilosophy, Marxist. 676 $a335.401 700 $aReiman$b Jeffrey H$0958103 801 0$bMiAaPQ 801 1$bMiAaPQ 801 2$bMiAaPQ 906 $aBOOK 912 $a9910141339603321 996 $aAs free and as just as possible$92170582 997 $aUNINA